000 00468ngm a2200181 i 4500
001 C2-0302718
003 PPAK
005 20180727220245.0
008 100208s2004 xxu|||| ||||| | vleng d
020 _a0767092503
040 _aPPAK
_beng
_cPPAK
_erda
245 0 0 _aBiography : the google boys
264 1 _aUnited State :
_bNewVideo ,
_c2004
336 _2rdacontent
_atext
337 _2rdamedia
_aunmediated
338 _2rdacarrier
_avolume
942 _2ddc
_cDVD
999 _c165974
_d165974